000 00361nam a2200145Ia 4500
008 220217s9999||||xx |||||||||||||| ||und||
020 _a81-265-0272-X
082 _a004.67 CHI
100 _aChirs, Bates
_94714
245 0 _aWeb programming
250 _a2nd
260 _aDreamtech India pvt. Ltd.
_bNew Delhi
_c2006
300 _b329
650 _aWWW
999 _c174508
_d174508